LEADER 01960nam 22006014a 450 001 9910459983203321 005 20200520144314.0 010 $a1-282-73603-5 010 $a9786612736032 010 $a0-19-971197-6 035 $a(CKB)2670000000040845 035 $a(OCoLC)656248869 035 $a(CaPaEBR)ebrary10409085 035 $a(SSID)ssj0000428436 035 $a(PQKBManifestationID)11274743 035 $a(PQKBTitleCode)TC0000428436 035 $a(PQKBWorkID)10414202 035 $a(PQKB)10876466 035 $a(MiAaPQ)EBC3053841 035 $a(Au-PeEL)EBL3053841 035 $a(CaPaEBR)ebr10409085 035 $a(CaONFJC)MIL273603 035 $a(EXLCZ)992670000000040845 100 $a20081208d2009 uy 0 101 0 $aeng 135 $aurcn||||||||| 181 $ctxt 182 $cc 183 $acr 200 14$aThe software license unveiled$b[electronic resource] $ehow legislation by license controls software access /$fDouglas E. Phillips 210 $aOxford ;$aNew York $cOxford University Press$dc2009 215 $a1 online resource (227 p.) 300 $aBibliographic Level Mode of Issuance: Monograph 311 $a0-19-534187-2 320 $aIncludes bibliographical references and index. 327 $aThe proprietary software license in law and practice -- The free and open source alternative. 606 $aCopyright$xComputer programs 606 $aCopyright licenses 606 $aOpen source software$xLaw and legislation 608 $aElectronic books. 615 0$aCopyright$xComputer programs. 615 0$aCopyright licenses. 615 0$aOpen source software$xLaw and legislation. 676 $a346.04/82 686 $a86.33$2bcl 700 $aPhillips$b Douglas E$0855754 801 0$bMiAaPQ 801 1$bMiAaPQ 801 2$bMiAaPQ 906 $aBOOK 912 $a9910459983203321 996 $aThe software license unveiled$91910585 997 $aUNINA LEADER 01795nas 22006013a 450 001 996203296603316 005 20240413024251.0 011 $a1532-0065 035 $a(OCoLC)45113493 035 $a(CKB)110998584178032 035 $a(CONSER) 00213660 035 $a(EXLCZ)99110998584178032 100 $a20001003b20012011 oy a 101 0 $aeng 135 $aur|||||||| 181 $ctxt$2rdacontent 182 $cc$2rdamedia 183 $acr$2rdacarrier 200 10$aSkull base 210 $aNew York, NY ;$aStuttgart $cThieme Medical Publishers$d[2001]-2011 300 $aAn interdisciplinary approach. 300 $aRefereed/Peer-reviewed 311 $a1531-5010 517 $aSkull Base: An Interdisciplinary Approach 531 $aSKULL BASE-INTERD AP 531 $aSKULL BASE 531 $aSKULL BASE AN INTERDISCIPLINARY APPROACH 531 0 $aSkull base 531 $aINTERD AP 531 $aSKULL BASE-INTERDISCIP. APPR 606 $aSkull base$vPeriodicals 606 $aSkull$xSurgery$vPeriodicals 606 $aHead$xSurgery$vPeriodicals 606 $aNeurosurgical Procedures$xmethods 606 $aSkull Base$xpathology 606 $aSkull Base$xsurgery 608 $aPeriodical. 615 0$aSkull base 615 0$aSkull$xSurgery 615 0$aHead$xSurgery 615 12$aNeurosurgical Procedures$xmethods. 615 12$aSkull Base$xpathology. 615 12$aSkull Base$xsurgery. 676 $a616 712 02$aNorth American Skull Base Society. 712 02$aEuropean Skull Base Society. 712 02$aGerman Skull Base Society. 712 02$aJapanese Skull Base Society. 712 02$aKorean Skull Base Society 906 $aJOURNAL 912 $a996203296603316 996 $aSkull base$92056017 997 $aUNISA